00694nam a2200157 a 45000010005000000030009000050080041000140400028000550820017000831000018001002450069001182600033001873000015002205050276002356500025005112487CO-ViMGA141112s2004 ck r 000 u spa d aCO-ViMGAbspacCO-ViMGA04a636.082 M2361 aMcDowell, R.E10aBases biológicas de la producción animal en zonas tropicales aZaragoza : bAcribia, c1974 a692 p : il aFactores que influyen en la producción ganadera de los climas cálidos 11 - - Reproducción animal 265 - - La dirección de la empresa ganadera 403 - - Manipulación de la leche y de los productos cárnicos en los climas cálidos 601 - - Programas ganaderos 649 14aGANADERIA - TECNICAS